[Event "Dhaka IRT U2000"]
[Site "Dhaka"]
[Date "2018.02.15"]
[Round "2"]
[White "Ariful, Amin"]
[Black "Ahmed, Walijah"]
[Result "1-0"]
[WhiteElo "1870"]
[BlackElo "1551"]
[PlyCount "135"]
[EventDate "2018.02.14"]
[EventType "swiss"]
[EventRounds "9"]
[EventCountry "BAN"]
[SourceTitle "EXT 2024"]
[Source "ChessBase"]
[SourceDate "2023.10.10"]
[SourceVersion "1"]
[SourceVersionDate "2023.10.10"]
[SourceQuality "1"]

1. e4 c5 2. Nf3 e6 3. c4 Qc7 4. Nc3 a6 5. Bd3 Nc6 6. 0-0 Nf6 7. Bc2 b6 8. Re1 Bd6 9. h3 Bb7 10. b3 0-0 11. Bb2 Ne5 12. Na4 b5 13. cxb5 axb5 14. Nc3 Bc6 15. Qe2 Rfb8 16. Nh4 Be7 17. f4 Ng6 18. Nxg6 hxg6 19. e5 Nd5 20. Nxd5 Bxd5 21. Be4 Qc6 22. d4 Bxe4 23. Qxe4 Qxe4 24. Rxe4 d5 25. exd6 Bxd6 26. dxc5 Bxc5+ 27. Kf1 Ra7 28. Bd4 Bxd4 29. Rxd4 b4 30. Ke2 Kf8 31. Rc4 Ke7 32. Ke3 f5 33. g3 Kf6 34. g4 fxg4 35. hxg4 g5 36. f5 Ra5 37. fxe6 Kxe6 38. Rc6+ Kf7 39. Rf1+ Kg8 40. Rf2 Re8+ 41. Kd3 Rf8 42. Rxf8+ Kxf8 43. Kc4 Rxa2 44. Rg6 Rf2 45. Rxg5 Rf4+ 46. Kc5 Re4 47. Kd5 Re3 48. Kc4 Re4+ 49. Kd3 Rf4 50. Ke3 Rf6 51. Rb5 Rc6 52. Rxb4 Ke7 53. Rd4 Rc3+ 54. Rd3 Rc5 55. b4 Rb5 56. Rd4 Ke6 57. Kd3 Ke5 58. Kc3 Rb6 59. Rc4 g6 60. Rc5+ Kf4 61. g5 Ke4 62. Kc4 Kf4 63. b5 Rb7 64. Kd5 Rb8 65. Kd6 Rd8+ 66. Kc7 Rf8 67. b6 Rf7+ 68. Kc8 1-0

[Event "BAN-chB 43rd"]
[Site "Dhaka"]
[Date "2017.11.09"]
[Round "3"]
[White "Mahmudul, Hossain Polash"]
[Black "Ariful, Amin"]
[Result "0-1"]
[WhiteElo "1971"]
[BlackElo "1897"]
[PlyCount "82"]
[EventDate "2017.11.07"]
[EventType "swiss"]
[EventRounds "11"]
[EventCountry "BAN"]
[SourceTitle "CBM 181 Extra"]
[Source "ChessBase"]
[SourceDate "2017.12.12"]
[SourceVersion "1"]
[SourceVersionDate "2017.12.12"]
[SourceQuality "1"]

1. e4 e6 2. Nf3 d5 3. exd5 exd5 4. d4 Nf6 5. h3 Be7 6. Bd3 h6 7. 0-0 0-0 8. Re1 c5 9. c3 Nc6 10. Nbd2 cxd4 11. cxd4 Bb4 12. a3 Ba5 13. b4 Bb6 14. Nb3 a6 15. Bf4 Bc7 16. Ne5 Ne7 17. Rc1 Bd6 18. Qf3 Bf5 19. Bxf5 Nxf5 20. g4 Nh4 21. Qe3 Re8 22. Nd2 a5 23. b5 Ne4 24. Nxe4 dxe4 25. Qxe4 Bxa3 26. Qd3 Bxc1 27. Rxc1 Rc8 28. Rxc8 Qxc8 29. d5 f6 30. Nc4 Qc5 31. Bg3 Nf3+ 32. Qxf3 Qxc4 33. b6 Re1+ 34. Kh2 Qf1 35. h4 Qg1+ 36. Kh3 Qh1+ 37. Qxh1 Rxh1+ 38. Kg2 Rd1 39. d6 Kf7 40. Kf3 Ke6 41. Ke2 Rb1 0-1

[Event "BAN-chT2"]
[Site "Dhaka"]
[Date "2017.10.26"]
[Round "5.2"]
[White "Dewan, Abdullah Zaman"]
[Black "Ariful, Amin"]
[Result "1/2-1/2"]
[WhiteElo "1972"]
[BlackElo "1873"]
[PlyCount "167"]
[EventDate "2017.10.22"]
[EventType "team-swiss"]
[EventRounds "7"]
[EventCountry "BAN"]
[SourceTitle "CBM 181 Extra"]
[Source "ChessBase"]
[SourceDate "2017.12.12"]
[SourceVersion "1"]
[SourceVersionDate "2017.12.12"]
[SourceQuality "1"]
[WhiteTeam "Ganer Alo Pathagar"]
[BlackTeam "Morning Glory"]
[WhiteTeamCountry "BAN"]
[BlackTeamCountry "BAN"]

1. d4 Nf6 2. c4 e5 3. e3 exd4 4. exd4 Bb4+ 5. Nc3 0-0 6. Nf3 d5 7. Be2 dxc4 8. Bxc4 Re8+ 9. Be3 Ng4 10. 0-0 Bxc3 11. bxc3 c6 12. Bg5 Nf6 13. Ne5 Be6 14. Bd3 h6 15. Bh4 Nbd7 16. Qf3 Bd5 17. Qg3 Nh5 18. Qg4 Ndf6 19. Bxf6 Nxf6 20. Qf5 Be6 21. Qf3 Qd5 22. Rfe1 Qxf3 23. Nxf3 Nd5 24. Rac1 Nf4 25. Bb1 Bc4 26. Rc2 Ne2+ 27. Kh1 Bd3 28. Rb2 Ba6 29. Rc2 f6 30. h3 Kf8 31. c4 Nxd4 32. Rxe8+ Rxe8 33. Nxd4 Re1+ 34. Kh2 Rxb1 35. Ne6+ Kf7 36. Nc7 Rb4 37. Nxa6 bxa6 38. Kg3 a5 39. Kf4 Ke6 40. Ke4 c5 41. f4 f5+ 42. Kd3 Rb1 43. Re2+ Kd6 44. Kc2 Rf1 45. g3 Rf3 46. Rg2 g5 47. fxg5 hxg5 48. h4 gxh4 49. gxh4 Rh3 50. Rf2 Ke5 51. Re2+ Kd4 52. Rf2 Ke4 53. Re2+ Kd4 54. Rf2 Kxc4 55. Rxf5 Rxh4 56. Kc1 a6 57. Rf1 a4 58. Kb2 Rd4 59. Rc1+ Kb4 60. a3+ Kb5 61. Rc2 Rd3 62. Ka2 c4 63. Kb2 Kc5 64. Rh2 Rb3+ 65. Ka2 Re3 66. Kb2 Kd4 67. Rd2+ Ke4 68. Rd7 Rb3+ 69. Ka2 Rb6 70. Rd8 Ke3 71. Rh8 Re6 72. Kb2 Kd4 73. Rd8+ Kc5 74. Rc8+ Rc6 75. Rd8 Rb6+ 76. Ka2 c3 77. Rc8+ Kd4 78. Rd8+ Kc4 79. Rc8+ Kd3 80. Rd8+ Kc2 81. Rh8 Rb2+ 82. Ka1 Kb3 83. Rb8+ Kxa3 84. Rb3+ 1/2-1/2

[Event "BAN-chT2"]
[Site "Dhaka"]
[Date "2016.11.09"]
[Round "7.3"]
[White "Mohammed, Tajul Islam"]
[Black "Ariful, Amin"]
[Result "1-0"]
[WhiteElo "1896"]
[BlackElo "1812"]
[PlyCount "95"]
[EventDate "2016.11.03"]
[EventType "team-swiss"]
[EventRounds "7"]
[EventCountry "BAN"]
[SourceTitle "CBM 175 Extra"]
[Source "ChessBase"]
[SourceDate "2016.12.12"]
[SourceVersion "1"]
[SourceVersionDate "2016.12.12"]
[SourceQuality "1"]
[WhiteTeam "Desh Seba Krira Chakra"]
[BlackTeam "New Nation Fenchugonj"]
[WhiteTeamCountry "BAN"]
[BlackTeamCountry "BAN"]

1. d4 d5 2. c4 c6 3. Nc3 Nf6 4. Nf3 e6 5. Bg5 dxc4 6. a4 a6 7. e3 b5 8. axb5 cxb5 9. Nxb5 Qb6 10. Bxf6 Qxb5 11. Be5 Qxb2 12. Bxc4 Bb4+ 13. Kf1 0-0 14. Bf4 f6 15. Rb1 Qa3 16. Bg3 a5 17. h4 Bb7 18. h5 Ba6 19. Bxa6 Rxa6 20. Kg1 h6 21. Ra1 Qb2 22. Rb1 Qa2 23. Kh2 Nc6 24. Qd3 Raa8 25. e4 Rad8 26. Rhd1 Ne7 27. Ra1 Qb2 28. Qa6 Kf7 29. Rab1 Qc2 30. Qb7 Qc8 31. Qb5 Qd7 32. Qc4 Rc8 33. Qa2 Qb5 34. d5 exd5 35. exd5 Qc4 36. Qa4 Rfd8 37. d6 Nf5 38. Rbc1 Qe6 39. Rxc8 Qxc8 40. d7 Qc4 41. Qa1 Nxg3 42. fxg3 Qg4 43. Qa2+ Kf8 44. Qd5 a4 45. Rd4 Qxd7 46. Qxd7 Rxd7 47. Rxd7 a3 48. Ra7 1-0

[Event "BAN-chT2"]
[Site "Dhaka"]
[Date "2016.11.06"]
[Round "4.3"]
[White "Hossain, Enayet Mohammed"]
[Black "Ariful, Amin"]
[Result "1-0"]
[WhiteElo "2035"]
[BlackElo "1812"]
[PlyCount "77"]
[EventDate "2016.11.03"]
[EventType "team-swiss"]
[EventRounds "7"]
[EventCountry "BAN"]
[SourceTitle "CBM 175 Extra"]
[Source "ChessBase"]
[SourceDate "2016.12.12"]
[SourceVersion "1"]
[SourceVersionDate "2016.12.12"]
[SourceQuality "1"]
[WhiteTeam "Sonargaon CC"]
[BlackTeam "New Nation Fenchugonj"]
[WhiteTeamCountry "BAN"]
[BlackTeamCountry "BAN"]

1. d4 d5 2. Bg5 f6 3. Bh4 Nh6 4. e3 Nf5 5. Bg3 h5 6. h3 Nxg3 7. fxg3 Qd6 8. Kf2 h4 9. gxh4 Rxh4 10. Nf3 Rh6 11. c4 g5 12. Bd3 Nc6 13. cxd5 Qxd5 14. Nc3 Qd7 15. d5 Ne5 16. Nxe5 fxe5 17. Bb5 c6 18. dxc6 Qf5+ 19. Kg3 bxc6 20. Rf1 Rxh3+ 21. gxh3 Qxh3+ 22. Kf2 cxb5 23. Qf3 Rb8 24. Ke1 Qh4+ 25. Rf2 Bh6 26. Qf7+ Kd8 27. Rd1+ Bd7 28. Qg8+ Kc7 29. Rxd7+ Kxd7 30. Qxb8 g4 31. Qxb5+ Kc8 32. Qc6+ Kd8 33. Nd5 Bf4 34. Qc7+ Ke8 35. Qc8+ Kf7 36. Nxf4 exf4 37. Qf5+ Ke8 38. Qxf4 Qh1+ 39. Ke2 1-0

[Event "BAN-chB 42nd"]
[Site "Dhaka"]
[Date "2016.10.29"]
[Round "10"]
[White "Ariful, Amin"]
[Black "Hossain, Belal"]
[Result "0-1"]
[WhiteElo "1812"]
[BlackElo "1995"]
[PlyCount "108"]
[EventDate "2016.10.20"]
[EventType "swiss"]
[EventRounds "11"]
[EventCountry "BAN"]
[SourceTitle "CBM 175 Extra"]
[Source "ChessBase"]
[SourceDate "2016.12.12"]
[SourceVersion "1"]
[SourceVersionDate "2016.12.12"]
[SourceQuality "1"]

1. e4 d5 2. exd5 Qxd5 3. Nf3 Bg4 4. Be2 e6 5. Nc3 Qa5 6. h3 Bh5 7. d4 c6 8. Bd2 Qc7 9. Ne4 Be7 10. 0-0 Nf6 11. Nxf6+ Bxf6 12. c3 Nd7 13. Qc1 0-0 14. Re1 c5 15. Bf4 Qb6 16. Be3 Qc7 17. Rd1 b6 18. Bg5 Bxg5 19. Qxg5 Nf6 20. Qh4 Bxf3 21. Bxf3 Rad8 22. Rd2 cxd4 23. Rxd4 Rxd4 24. Qxd4 Rd8 25. Qe3 Qc4 26. b3 Qc7 27. c4 Kf8 28. Rd1 Rxd1+ 29. Bxd1 Qd6 30. Bf3 h6 31. Qc3 a5 32. Qb2 e5 33. Qc2 Qd4 34. Qd1 Qxd1+ 35. Bxd1 Ke7 36. f3 Kd6 37. Kf2 Kc5 38. a3 a4 39. Ke3 axb3 40. Bxb3 Ne8 41. Ke4 f6 42. g4 Nd6+ 43. Kd3 g6 44. h4 f5 45. Kc3 e4 46. gxf5 gxf5 47. f4 Ne8 48. Ba4 Nf6 49. Bb5 Nh5 50. Bd7 Ng3 51. Bc8 e3 52. Kd3 e2 53. Kd2 Kxc4 54. Be6+ Kd4 0-1

[Event "BAN-chB 42nd"]
[Site "Dhaka"]
[Date "2016.10.20"]
[Round "1"]
[White "Hasan Md, Emam"]
[Black "Ariful, Amin"]
[Result "1-0"]
[WhiteElo "2117"]
[BlackElo "1812"]
[PlyCount "79"]
[EventDate "2016.10.20"]
[EventType "swiss"]
[EventRounds "11"]
[EventCountry "BAN"]
[SourceTitle "CBM 175 Extra"]
[Source "ChessBase"]
[SourceDate "2016.12.12"]
[SourceVersion "1"]
[SourceVersionDate "2016.12.12"]
[SourceQuality "1"]

1. e4 d5 2. Nc3 d4 3. Nce2 e5 4. d3 Nf6 5. g3 Nc6 6. Bg2 h6 7. h3 Bd6 8. f4 Bd7 9. Nf3 Qe7 10. 0-0 0-0-0 11. Kh1 Rdg8 12. c3 g5 13. fxe5 Bxe5 14. cxd4 Bf4 15. gxf4 gxf4 16. Nxf4 Rg3 17. Be3 Rhg8 18. Bf2 Rxg2 19. Nxg2 Bxh3 20. Rg1 Ng4 21. Qe2 Qf6 22. e5 Qg6 23. Nf4 Qf5 24. Nxh3 Nxf2+ 25. Qxf2 Qxh3+ 26. Nh2 Rd8 27. Qg3 Qxg3 28. Rxg3 Rxd4 29. Re1 Kd7 30. a3 Ke6 31. Nf3 Rf4 32. Kg2 Kd5 33. Rh3 Rg4+ 34. Kf2 Rg6 35. b4 Ne7 36. Rh5 Ke6 37. Nh4 Rg4 38. Rxh6+ Kd5 39. Nf3 Ng6 40. Rg1 1-0

[Event "BAN-chB 41st"]
[Site "Dhaka"]
[Date "2015.10.15"]
[Round "1"]
[White "Ariful, Amin"]
[Black "Abdullah, Al Saif"]
[Result "0-1"]
[WhiteElo "1849"]
[BlackElo "2134"]
[PlyCount "78"]
[EventDate "2015.10.15"]
[EventType "swiss"]
[EventRounds "11"]
[EventCountry "BAN"]
[SourceTitle "CBM 169 Extra"]
[Source "ChessBase"]
[SourceDate "2015.12.18"]
[SourceVersion "1"]
[SourceVersionDate "2015.12.18"]
[SourceQuality "1"]

1. e4 d5 2. Nf3 dxe4 3. Ng1 f5 4. b3 Nf6 5. Bb2 g6 6. Bxf6 exf6 7. Bc4 Nc6 8. Nh3 Ne5 9. Nc3 Nxc4 10. bxc4 Be6 11. Qb1 Rb8 12. Qb5+ c6 13. Qa4 Bh6 14. Rd1 Qd4 15. 0-0 Qxc4 16. Qxa7 0-0 17. f4 Rfd8 18. Kh1 Bf8 19. Qe3 Bc5 20. Qe1 e3 21. d3 Qa6 22. Qh4 Kg7 23. Rde1 Bf7 24. Re2 Qa3 25. Nd1 Qxa2 26. Nxe3 Re8 27. Qg3 Rxe3 28. Rxe3 Bxe3 29. Qxe3 Qxc2 30. Ng5 Re8 31. Qd4 c5 32. Qa1 Bd5 33. Rg1 Re2 34. Nxh7 Kxh7 35. Qxf6 Qb2 36. Qd8 Bc6 37. Qf8 Qa2 38. Qxc5 Re1 39. Qe7+ Rxe7 0-1